000 01584nam a2200421 c 4500
003 BLK
005 20240621005331.0
008 180409b bul|||||r ||||||| ||bul||
010 _aKNG00139606000
020 _a978-954-09-0609-6
_bиздат.: Захарий Стоянов
040 _aBLK
041 _aBUL
_cBUL
072 7 _2bullib
_aН92
_xИстория Н
080 _aОтделни родове. Фамилии. История на родовете
_b929.52
_x(497.23-22)
_z929.52(497.23-22)
100 1 _aРадулска, Руса Господинова
_eпърви автор
_9114430
139 _aРадулска, Руса Господинова
_bР 18
245 1 0 _aЮрта
_cРуса Господинова Радулска.
257 _aBGR
260 София
_bЗахарий Стоянов
_c2011
_fСофия : Миг принт
300 _a176 с., 24 л.
_bил., портр.
_c22 см
380 _a9
490 1 _aПоредица Отечество любезно
650 0 _aРодове, български
_9242498
651 4 _aБългария
_9241624
651 4 _aСливенско
_9179555
651 4 _aМлекарево
_9179224
653 _aбългарски родове
653 _aродословие
653 _aМлекарево
653 _aСливенско
659 _aН
852 _aЦб 258341
856 4 _qpdf
_u
856 4 _qpdf
_u
942 _cKNG
_n0
944 _aCR
_c15.02.2013
_k
_lCRON CRON
944 _aED
_c07.06.2016
_kВиолета_Тройчева
999 _c133706
_d133706